Nanočastice v životnom prostredí a ich toxické účinky bakalárska práca

Enregistré dans:
Détails bibliographiques
Auteur principal: Drobňáková, Adriána
Format: Livre
Langue:slovaque
Publié: Bratislava STU FCHPT 2014
Accès en ligne:Voir à l'OPAC
Tags: Ajouter un tag
Pas de tags, Soyez le premier à ajouter un tag!

MARC

LEADER 00000nam a2200000 a 4500
005 20260127134117.0
008 151126 2014 000 0 slo d
035 |a vtls011424719 
039 9 |y 201511261624  |z mschk03 
040 |a STUSCHK1  |b slo  |c STUSCHK1  |e AACR2 
100 1 |a Drobňáková, Adriána 
245 1 |a Nanočastice v životnom prostredí a ich toxické účinky  |b bakalárska práca  |c Adriána Drobňáková 
260 |a Bratislava  |b STU FCHPT  |c 2014 
300 |a 38 s.  |b il.  |c 30 cm 
500 |a Študijný program: chémia, medicínska chémia a chemické materiály 
500 |a Študijný odbor: chémia, chemické technológie 
500 |a Školiace pracovisko: Odd. environmentálneho inžinierstva 
500 |a Evid. číslo: FCHPT-13569-42467 
910 |a SCHK95 
999 |c 4314  |d 4314